El cartero siempre llama mil veces /

Guardado en:
Autor Principal: Martín, Andreu
Formato: Libro
Publicado: Madrid : Anaya, 1997
Edición:10a. ed.
Series:Serie espacio abierto
Materias:
Etiquetas: Agregar Etiqueta
Sin Etiquetas, Sea el primero en etiquetar este registro!
LEADER 00690nam a22002415a 4500
001 CEM.cems015098
005 20190918142430.0
008 130507s1997##################000#0#####d
003 CEMS
020 |a 8420742945 
082 0 4 |a 863.4 
100 1 |a Martín, Andreu 
245 1 0 |a El cartero siempre llama mil veces /  |c Andreu Martín y Jaume Ribera 
250 |a 10a. ed. 
260 |a Madrid :  |b Anaya,  |c 1997 
300 |a 161 p. 
490 0 |a Serie espacio abierto 
500 |a Diseño y cubierta de Manuel Estrada 
653 |a Literatura 
653 |a Literatura española 
653 |a Novela 
653 |a Novela española 
859 |a CEMS  |b BIB. CEMS - 11 de abril  |h 863.4  |i M363  |p 27996.19  |t Ej.1